LEADER 05394nam 2200757 450 001 9910131299103321 005 20200520144314.0 010 $a1-118-63260-5 010 $a1-118-63261-3 010 $a1-118-63259-1 035 $a(CKB)3710000000391751 035 $a(EBL)1895516 035 $a(SSID)ssj0001458061 035 $a(PQKBManifestationID)11746584 035 $a(PQKBTitleCode)TC0001458061 035 $a(PQKBWorkID)11442221 035 $a(PQKB)10791279 035 $a(MiAaPQ)EBC1895516 035 $a(DLC) 2015006329 035 $a(Au-PeEL)EBL1895516 035 $a(CaPaEBR)ebr11041074 035 $a(CaONFJC)MIL769836 035 $a(OCoLC)903582827 035 $a(EXLCZ)993710000000391751 100 $a20150416h20152015 uy 0 101 0 $aeng 135 $aurcnu|||||||| 181 $ctxt 182 $cc 183 $acr 200 10$aAssembling export markets $ethe making and unmaking of global food connections in West Africa /$fStefan Ouma 210 1$aWest Sussex, England :$cWiley Blackwell,$d2015. 210 4$dİ2015 215 $a1 online resource (255 p.) 225 1 $aRGS-IBG Book Series 300 $aDescription based upon print version of record. 311 $a1-118-63256-7 311 $a1-118-63258-3 320 $aIncludes bibliographical references and index. 327 $aTitle Page; Copyright Page; Contents; Series Editors' Preface; Preface; Technical Remarks; List of Figures; List of Tables; Abbreviations; Chapter 1 Introduction: Struggling with "World Market Integration"; Rethinking Global Connections; Grounding Commodity Chains: Geographies of Marketization; Matters of Concern; The Practical Means of Marketization; Marketization as Proliferation; Of Frontier Regions and Borderlands; How This Book Unfolds; Endnotes; Chapter 2 Querying Marketization; Studying Markets as Practical Accomplishments; Markets as Sociotechnical Agencements 327 $a"Problems" of Market-Making Exchanging Goods the "Right" Way; Qualified Objectifications; Detachment/Calculation; Singularizations; Knowing and Doing Markets; From Market Knowledge to Knowing Markets; Power in/through Markets; Formatting Market Encounters; The Order(ing) of Markets; Conclusion; Endnotes; Chapter 3 Remaking "the Economy": Taking Ghanaian Horticulture to Global Markets; Models of Organizing "the Economy": From Macro to Micro; A Tale of Two Frontiers; Markets for Development: Organic Mangoes in Northern Ghana; Fresh from Farm: JIT Pineapple Markets; Sites of Attention; Conclusion 327 $aEndnotes Chapter 4 Critical Ethnographies of Marketization; Researching Markets in the Making; Outside/Inside "the Market"; "Reconstructing" Market Practices; Technicalities?; Knowledge Production: Heuristics and Limitations; After "the Field": Veni, Vidi, Vici?; Conclusion; Endnotes; Chapter 5 The Birth of Global Agrifood Market Connections; Nothing Was Packaged for (High-value) Export; Market Enrollment, Not Integration; The Messy Economics of Outgrowing; Market-making as Boundary Work; Outflanking Nature?; The Terms of "World Market" Enrollment; Good(s) Connect(ions) 327 $aHaving the "Right" Product Performing the Audit Economy; Relational Properties of Competition; Ongoing Struggles for Retail Worth; The Orderings of JIT; Conclusion; Endnotes; Chapter 6 Enacting Global Connections: The Making of World Market Agencies; Qualculating the Mango Tree; Indeterminate Framings of Worth; Struggling for the Agricola Oeconomicus; Responsibilizing/Autonomizing Farmers; Standardizing Market STAs; Standards and the Stubborn Social; Value/Power; Conclusion; Endnotes; Chapter 7 Markets, Materiality, and (Anti-)Political Encounters; The Hidden Conditions of Global Markets 327 $aPowerful Valorimeters Pricing, Returns, and Visible hands; Power Relations as Relations of Accounting; Accounting: Frontstage; Accounting: Backstage; Conclusion; Endnotes; Chapter 8 Market Crises: When Things Fall Apart, or Won't Come Together; A Model in Crisis; MD2 Takes Over the Market, or How Goods Become Delegitimated; Trading Down in Times of Crisis; Currency and Capital Volatilities; When the Supply Base Disenrolls ...; Reassembling the Market Social?; Recalcitrant "Nature" and the Crisis of the Developmental Market 327 $a(Mis-)calculating "Nature" and other Surprises: Mango Trees as Precarious Commodities 330 $a"Assembling Export Markets explores the origins of global agrifood chains through an examination of the new frontier regions of the global fresh produce market that has emerged in the West African Republic of Ghana over the past decade"--$cProvided by publisher. 410 0$aRGS-IBG book series. 606 $aProduce trade$xSocial aspects$zGhana 606 $aFarm produce$zGhana$xMarketing 606 $aAgriculture$xEconomic aspects$zGhana 607 $aGhana$xCommerce 607 $aGhana$xEconomic conditions 608 $aElectronic books. 615 0$aProduce trade$xSocial aspects 615 0$aFarm produce$xMarketing. 615 0$aAgriculture$xEconomic aspects 676 $a382/.4109667 686 $aSOC015000$2bisacsh 700 $aOuma$b Stefan$0996683 801 0$bMiAaPQ 801 1$bMiAaPQ 801 2$bMiAaPQ 906 $aBOOK 912 $a9910131299103321 996 $aAssembling export markets$92285155 997 $aUNINA LEADER 02790oas 2201045 a 450 001 9910146357003321 005 20251106213014.0 011 $a1432-0827 035 $a(DE-599)1458487-6 035 $a(OCoLC)42787226 035 $a(CONSER) 2004233639 035 $a(CKB)954925486756 035 $a(EXLCZ)99954925486756 100 $a19991108a19799999 sy a 101 0 $aeng 135 $aurmnu|||||||| 181 $ctxt$2rdacontent 182 $cc$2rdamedia 183 $acr$2rdacarrier 200 10$aCalcified tissue international 210 $aNew York $cSpringer-Verlag 300 $aRefereed/Peer-reviewed 300 $aFrom the subtitle "and musculoskeletal research" was added, however the main printed title and caption/running title of the serial remains "Calcified tissue international." 300 $aSpringer website also lists volumes for previous title. 311 08$a0171-967X 517 1 $aCalcif tissue int 517 1 $aand musculoskeletal research 606 $aTissues$xCalcification$vPeriodicals 606 $aCalcification$vPeriodicals 606 $aMusculoskeletal system$xResearch$vPeriodicals 606 $aCalcification, Physiologic 606 $aCalcification$vPe?riodiques 606 $aOs$vPe?riodiques 606 $aCalcification$2fast$3(OCoLC)fst00844023 606 $aOrthopedie$2gtt 606 $aReumatologie$2gtt 608 $aComputer network resources. 608 $aperiodicals.$2aat 608 $aPeriodicals.$2fast 608 $aPeriodicals.$2lcgft 608 $aPe?riodiques.$2rvmgf 615 0$aTissues$xCalcification 615 0$aCalcification 615 0$aMusculoskeletal system$xResearch 615 2$aCalcification, Physiologic. 615 6$aCalcification 615 6$aOs 615 7$aCalcification. 615 17$aOrthopedie. 615 17$aReumatologie. 676 $a599.01852 712 02$aEuropean Calcified Tissue Society, 801 0$bGAT 801 1$bGAT 801 2$bOCLCQ 801 2$bGUA 801 2$bOCL 801 2$bOCLCQ 801 2$bCCO 801 2$bOCLCQ 801 2$bBUF 801 2$bOCLCQ 801 2$bOCLCF 801 2$bOCLCQ 801 2$bZ5A 801 2$bOCLCO 801 2$bOCLCA 801 2$bAPUMS 801 2$bEZC 801 2$bU3W 801 2$bAU@ 801 2$bOCLCO 801 2$bWYU 801 2$bDLC 801 2$bVT2 801 2$bNJT 801 2$bOCLCO 801 2$bOCLCA 801 2$bUBY 801 2$bOCLCQ 801 2$bUAB 801 2$bIBD 801 2$bGWM 801 2$bQGK 801 2$bOCLCL 801 2$bOCLCQ 906 $aJOURNAL 912 $a9910146357003321 996 $aCalcified tissue international$9796488 997 $aUNINA